000 01711cam a22004217a 4500
003 CHAP
005 20220329134624.0
008 971013s1919 r 00010 d
010 _a23151
011 _a24123
035 _a28222
040 _cCHAP
082 _a338.27282
_bM48
110 _aInstituto Nacional de Estadística, Geografía e Informática. México
_959304
245 1 3 _aLa industria petrolera en México
260 _aMéxico, D.F. :
_bINEGI,
_c19 -19 .
300 _av.
_b: ilus. ; mapas ; gráfs.
500 _ac. de México. Coordinación General del Sistema Nacional de Información
500 _aLa biblioteca tiene: 1983, 1984, 1991, 1992, 1993
590 _aBATCH-UPD
_b10
_c20130109
_lUCH01
_h2355
590 _aBATCH-UPD
_b10
_c20130110
_lUCH01
_h0310
590 _aBATCH-UPD
_b10
_c20130110
_lUCH01
_h1344
590 _aBATCH-UPD
_b10
_c20130409
_lUCH01
_h1928
590 _aBATCH-UPD
_b10
_c20130410
_lUCH01
_h0843
590 _aBATCH-UPD
_b10
_c20130914
_lUCH01
_h1906
590 _aCONVERSION
_b10
_c20130109
_lUCH01
_h1314
650 1 4 _aPetróleo
_xEstadísticas.
_987662
650 1 4 _aPetróleo
_xIndustria
_zMéxico.
_987668
650 1 4 _aProductos de petróleo.
_992058
710 0 _aPEMEX.
_986658
901 _aBK
942 _cLIBRO
949 _a338.27282 M48
_bBC
_cINEGI
_d33724000533279
_eINEGI
_f1993
_h87444
_i28222
_mD
_si
949 _a338.27282 M48
_bBC
_cINEGI
_d33724000554507
_eINEGI
_f1983
_h66329
_i28222
_mD
_si
949 _a338.27282 M48
_bBC
_cINEGI
_d33724000554531
_eINEGI
_f1992
_h85210
_i28222
_mD
_si
949 _a338.27282 M48
_bBC
_cINEGI
_d33724000554606
_eINEGI
_f1991
_h85388
_i28222
_mD
_si
949 _a338.27282 M48
_bBC
_cINEGI
_d33724000832333
_eINEGI
_f1984
_h68274
_i28222
_mD
_sb
999 _c23151
_d23151